Electric machine dynamics /
Guardado en:
| Autor Principal: | |
|---|---|
| Otros Autores: | |
| Formato: | Libro |
| Idioma: | English |
| Publicado: |
New York :
MacMillan,
1986.
|
| Etiquetas: |
Agregar Etiqueta
Sin Etiquetas, Sea el primero en etiquetar este registro!
|
| LEADER | 00492nam a22001695a 4500 | ||
|---|---|---|---|
| 001 | EUN.um034366 | ||
| 003 | AR-BaUNS | ||
| 005 | 20050623122908.0 | ||
| 008 | 041125s1986####xxua##########000#0#eng#d | ||
| 245 | 1 | 0 | |a Electric machine dynamics / |c I. Boldea, S. A. Nasar. |
| 260 | |a New York : |b MacMillan, |c 1986. | ||
| 300 | |a 259 p. : |b ilus. ; |c 24 cm. | ||
| 020 | |a 0029480302 | ||
| 100 | 1 | |a Boldea, I. | |
| 700 | 1 | |a Nasar, S. A. | |
| 082 | 0 | 4 | |a 621.31 |
| 859 | |a Ar-BaUNS |b BIB. CENTRAL - Sector C |h 621.31 |i B637 |p 93767/987 | ||
